<?xml version="1.0" encoding="UTF-8"?>
<record
    xmlns:xsi="http://www.w3.org/2001/XMLSchema-instance"
    xsi:schemaLocation="http://www.loc.gov/MARC21/slim http://www.loc.gov/standards/marcxml/schema/MARC21slim.xsd"
    xmlns="http://www.loc.gov/MARC21/slim">

  <leader>01267nam a22002893i 4500</leader>
  <controlfield tag="001">82032</controlfield>
  <controlfield tag="003">BD-RjUL</controlfield>
  <controlfield tag="005">20231003112958.0</controlfield>
  <controlfield tag="008">230903s1968    pk            ||| | urd d</controlfield>
  <datafield tag="035" ind1=" " ind2=" ">
    <subfield code="a">(BD-RjUL)82032</subfield>
  </datafield>
  <datafield tag="040" ind1=" " ind2=" ">
    <subfield code="a">UkOxU</subfield>
    <subfield code="b">eng</subfield>
    <subfield code="e">rda</subfield>
    <subfield code="c">UkOxU</subfield>
  </datafield>
  <datafield tag="041" ind1=" " ind2=" ">
    <subfield code="a">urd</subfield>
  </datafield>
  <datafield tag="082" ind1=" " ind2=" ">
    <subfield code="2">23</subfield>
    <subfield code="a">954.0256</subfield>
    <subfield code="b">KHI 1968</subfield>
  </datafield>
  <datafield tag="100" ind1=" " ind2=" ">
    <subfield code="a">&#x62E;&#x627;&#x646;&#x66B; &#x645;&#x649;&#x631;&#x632;&#x627; &#x645;&#x62D;&#x645;&#x62F; &#x639;&#x631;&#x641; &#x645;&#x639;&#x62A;&#x645;&#x62F; ;; Khan, Mirza Muhammad alias Motamid</subfield>
    <subfield code="9">9323</subfield>
  </datafield>
  <datafield tag="245" ind1="0" ind2="0">
    <subfield code="a">Iqb&#x101;l n&#x101;mah-yi Jah&#x101;ng&#x12B;r&#x12B; /&#x627;&#x642;&#x628;&#x627;&#x644; &#x646;&#x627;&#x645;&#x6C2; &#x62C;&#x647;&#x627;&#x646;&#x6AF;&#x64A;&#x631;&#x649; /</subfield>
    <subfield code="c">mu&#x1E63;annafah M&#x12B;rz&#x101; Mu&#x1E25;ammad &#x2BB;urf Mu&#x2BB;tamad &#x1E34;&#x1E96;&#x101;&#x1E49; Ba&#x1E35;&#x1E96;sh&#x12B; ; tarjumah Mu&#x1E25;ammad Zakariyy&#x101; M&#x101;&#x2BC;il.&#x645;&#x635;&#x646;&#x641;&#x6C1; &#x645;&#x64A;&#x631;&#x632;&#x627; &#x645;&#x62D;&#x645;&#x62F; &#x639;&#x631;&#x641; &#x645;&#x639;&#x62A;&#x645;&#x62F; &#x62E;&#x627;&#x646; &#x628;&#x62E;&#x634;&#x6CC;&#x61B; &#x62A;&#x631;&#x62C;&#x645;&#x647; &#x645;&#x62D;&#x645;&#x62F; &#x632;&#x6A9;&#x631;&#x64A;&#x627; &#x645;&#x627;&#x626;&#x644;.</subfield>
  </datafield>
  <datafield tag="264" ind1=" " ind2="1">
    <subfield code="a">Hydrabad :</subfield>
    <subfield code="b">Dar al Taba Jamiah Utmaniah, </subfield>
    <subfield code="c">1968.</subfield>
  </datafield>
  <datafield tag="300" ind1=" " ind2=" ">
    <subfield code="a">304 pages ;</subfield>
    <subfield code="c">25 cm</subfield>
  </datafield>
  <datafield tag="336" ind1=" " ind2=" ">
    <subfield code="a">text</subfield>
    <subfield code="2">rdacontent</subfield>
  </datafield>
  <datafield tag="337" ind1=" " ind2=" ">
    <subfield code="a">unmediated</subfield>
    <subfield code="2">rdamedia</subfield>
  </datafield>
  <datafield tag="338" ind1=" " ind2=" ">
    <subfield code="a">volume</subfield>
    <subfield code="2">rdacarrier</subfield>
  </datafield>
  <datafield tag="600" ind1=" " ind2=" ">
    <subfield code="a">1500-1768 History India India History 1500-1768 Jahangir, Emperor of Hindustan, 1569-1627</subfield>
    <subfield code="9">9324</subfield>
  </datafield>
  <datafield tag="650" ind1=" " ind2=" ">
    <subfield code="a"> History </subfield>
    <subfield code="y">1500-1768</subfield>
    <subfield code="z">India</subfield>
    <subfield code="9">9325</subfield>
  </datafield>
  <datafield tag="650" ind1=" " ind2=" ">
    <subfield code="z">India--Mogul Empire</subfield>
    <subfield code="9">9326</subfield>
  </datafield>
  <datafield tag="650" ind1=" " ind2=" ">
    <subfield code="a"> History</subfield>
    <subfield code="x"> India </subfield>
    <subfield code="9">9327</subfield>
  </datafield>
  <datafield tag="880" ind1="0" ind2="1">
    <subfield code="6">264-02//r</subfield>
    <subfield code="a">&#x6A9;&#x631;&#x627;&#x686;&#x6CC; :</subfield>
    <subfield code="b">&#x646;&#x641;&#x64A;&#x633; &#x627;&#x6A9;&#x64A;&#x688;&#x64A;&#x645;&#x6CC;&#x60C;</subfield>
    <subfield code="c">1963.</subfield>
  </datafield>
  <datafield tag="942" ind1=" " ind2=" ">
    <subfield code="2">ddc</subfield>
    <subfield code="c">BK</subfield>
  </datafield>
  <datafield tag="999" ind1=" " ind2=" ">
    <subfield code="c">82032</subfield>
    <subfield code="d">82032</subfield>
  </datafield>
  <datafield tag="952" ind1=" " ind2=" ">
    <subfield code="0">0</subfield>
    <subfield code="1">0</subfield>
    <subfield code="2">ddc</subfield>
    <subfield code="4">0</subfield>
    <subfield code="7">1</subfield>
    <subfield code="8">NFIC</subfield>
    <subfield code="a">RUCL</subfield>
    <subfield code="b">RUCL</subfield>
    <subfield code="c">Reading</subfield>
    <subfield code="d">1954-05-20</subfield>
    <subfield code="e">Book Land ,  karachi</subfield>
    <subfield code="g">3.80</subfield>
    <subfield code="l">0</subfield>
    <subfield code="o">U 954.0256 KHI 1968</subfield>
    <subfield code="r">2023-10-03 00:00:00</subfield>
    <subfield code="t">C-1</subfield>
    <subfield code="w">2023-10-03</subfield>
    <subfield code="y">BK</subfield>
  </datafield>
</record>
